| 000 | 01337cam a2200301 i 4500 | ||
|---|---|---|---|
| 999 |
_c56788 _d56788 |
||
| 001 | 003024621 | ||
| 003 | GE_BSU | ||
| 005 | 20190423154603.0 | ||
| 008 | 070206s2007 ru r 000 u rus d | ||
| 020 | _a9785482014004 | ||
| 020 | _a5482014002 | ||
| 040 |
_aRuMoRKP _brus _ercr _dRuMoRGB |
||
| 041 | 0 | _arus | |
| 080 | _a341(075.8) | ||
| 084 |
_aХ91я73-1 _2rubbk |
||
| 100 | 1 |
_aШумилов, Владимир Михайлович _9424 |
|
| 245 | 0 | 0 |
_aМеждународное право : _bучебник _cВ. М. Шумилов |
| 260 |
_aМосква _bВелби _c2007 |
||
| 300 |
_a485, [1] с. _c21 см. |
||
| 504 | _aБиблиогр.: с. 455-482 и в конце гл. | ||
| 650 | 7 |
_aГосударство и право. Юридические науки -- Международное публичное право -- Учебник для высшей школы _2rubbk _9425 |
|
| 653 | _aსამართალი | ||
| 653 | _aსაერთაშორისო სამართალი | ||
| 852 |
_a2006120104 _bFB _cBOOK _d70 _e20071115 _f20071120 _gGNP07 _jДар 3/88 _kЭкз. с дарственной надписью |
||
| 852 |
_a2006338943 _bFB _cBOOK _d90 _e20070207 _f20160525 _gGNP _i4 _j2 07-3/97 |
||
| 852 |
_a2006338962 _bFB _cBOOK _d90 _e20070207 _f20071019 _gGNP _i4 _j2 07-3/96 |
||
| 942 |
_2udc _cBK |
||